THE DEVORCE ACT, 1869 (Record no. 6646)

MARC details
000 -LEADER
fixed length control field 00363nam a22001577a 4500
005 - DATE AND TIME OF LATEST TRANSACTION
control field 20200530102919.0
008 - FIXED-LENGTH DATA ELEMENTS--GENERAL INFORMATION
fixed length control field 200530b xxu||||| |||| 00| 0 eng d
041 ## - LANGUAGE CODE
Language code of text/sound track or separate title eng
082 ## - DEWEY DECIMAL CLASSIFICATION NUMBER
Classification number 340
100 ## - MAIN ENTRY--AUTHOR NAME
Personal name BARE ACT
245 ## - TITLE STATEMENT
Title THE DEVORCE ACT, 1869
260 ## - PUBLICATION, DISTRIBUTION, ETC. (IMPRINT)
Place of publication DELHI
Name of publisher PROFESSIONALS BOOK PUBLISHERS
300 ## - PHYSICAL DESCRIPTION
Number of Pages 33;p
650 ## - SUBJECT ADDED ENTRY--TOPICAL TERM
Topical Term LAW
942 ## - ADDED ENTRY ELEMENTS (KOHA)
Koha item type Books
Holdings
Lost status Damaged status Collection code Home library Current library Shelving location Date acquired Source of acquisition Cost, normal purchase price Full call number Accession Number Koha item type
    Reference JRU Library JRU Library SHELF- 66 C 11/06/2020 PURCHESS 50.00 340 23305 Books